GASTRO-INTESTINAL PARASITES ON CATTLE AT SAEN DEI COMMUNE, SAMRONG TONG DISTRICT, KAMPONG SPEU PROVINCE,បរាសិតក្នុងក្រពះពោះវៀនគោ នៅឃុំសែនដី ស្រុកសំរោងទង ខេត្តកំពង់ស្ពឺ (Record no. 24752)

000 -LEADER
fixed length control field 00670nam a22001337a 4500
040 ## - CATALOGING SOURCE
Transcribing agency RUA
082 ## - DEWEY DECIMAL CLASSIFICATION NUMBER
Classification number VEM SAM 2024 B1-330 Or.
100 ## - MAIN ENTRY--AUTHOR NAME
Personal name SAM VITUO,សាម វិទ្ទូ
245 ## - TITLE STATEMENT
Title GASTRO-INTESTINAL PARASITES ON CATTLE AT SAEN DEI COMMUNE, SAMRONG TONG DISTRICT, KAMPONG SPEU PROVINCE,បរាសិតក្នុងក្រពះពោះវៀនគោ នៅឃុំសែនដី ស្រុកសំរោងទង ខេត្តកំពង់ស្ពឺ
260 ## - PUBLICATION, DISTRIBUTION, ETC. (IMPRINT)
Place of publication phnom penh
Name of publisher rua
Year of publication 2024
300 ## - PHYSICAL DESCRIPTION
Number of Pages viii.40p.
Other physical details ill.
Dimensions 29cm.
856 ## - ELECTRONIC LOCATION AND ACCESS
Uniform Resource Identifier https://drive.google.com/file/d/1ajiERA0IM_p2mN09ao0VsxyRLPY4CCUW/view?usp=sharing
942 ## - ADDED ENTRY ELEMENTS (KOHA)
Koha item type VEM
952 ## - LOCATION AND ITEM INFORMATION (KOHA)
Withdrawn status [LOCAL, KOHA] 0
952 ## - LOCATION AND ITEM INFORMATION (KOHA)
Withdrawn status [LOCAL, KOHA] 0
Holdings
Permanent Location Date acquired Koha item type Lost status Shelving location Barcode Current Location Full call number
Library Block B2025-04-29VEM B1.330a082858Library Block BVEM SAM 2024 B1-330 Or.
Library Block B2025-04-29VEM B1.330a083072Library Block BVEM SAM 2024 B1-330 Or.
មជ្ឈមណ្ឌលឯការនៃសាកលវិទ្យាល័យភូមិន្ទកសិកម្មចំការដូង

Powered by Koha